Every Track The NASCAR Truck Series Has Raced At - Statistics

General Stats
  • This quiz has been taken 37 times
  • The average score is 40 of 54
Answer Stats
Year(s) Active Number of Races State Answer % Correct
2004-2012, 2015-Present 22 GA Atlanta Motor Speedway
100%
2003-Present 21 NC Charlotte Motor Speedway
95%
2000-2001 2 IL Chicago Motor Speedway
95%
1996-2000 5 TN Fairgrounds Speedway Nashville
95%
2001-Present 27 KS Kansas Speedway
95%
2000-2020 23 KY Kentucky Speedway
95%
1996-1999, 2001-Present 31 NV Las Vegas Motor Speedway
95%
2001-2011, 2021-Present 16 TN Nashville Superspeedway
95%
1995-Present 32 AZ Phoenix Raceway
95%
2006-Present 17 AL Talladega Superspeedway
95%
1997-Present 49 TX Texas Motor Speedway
95%
1996-2000, 2021 6 NY Watkins Glen International
95%
1995-1999, 2003-Present 26 TN Bristol Motor Speedway
91%
2021-Present 3 TN Bristol Motor Speedway Dirt Track
91%
2013-2019 7 CAN Canadian Tire Motorsport Park
91%
2001-2004, 2010-2011, 2020-Present 11 SC Darlington Raceway
91%
2001-Present 24 FL Daytona International Speedway
91%
2020-2021 2 FL Daytona International Speedway Road Course
91%
1996-Present 26 FL Homestead-Miami Speedway
91%
2009-2019 13 IA Iowa Speedway
91%
2022-Present 2 OH Mid-Ohio Sports Car Course
91%
1996-2011, 2014-2017 20 NH New Hampshire Motor Speedway
91%
2010-Present 14 PA Pocono Raceway
91%
1999-2000 2 OR Portland International Raceway
91%
1997-2009 13 CA Auto Club Speedway
86%
2021-Present 3 TX Circuit of the Americas
86%
2000-2021 21 DE Dover Motor Speedway
86%
1995-Present 46 VA Martinsville Speedway
86%
1999-2000, 2002-2020 21 MI Michigan International Speedway
86%
1995-2005, 2020-Present 15 VA Richmond Raceway
86%
1995-1998, 2022 5 CA Sonoma Raceway
86%
1998-2010, 2014-Present 23 IL World Wide Technology Raceway at Gateway
82%
2009-2019 11 IL Chicagoland Speedway
77%
2013-2019 7 OH Eldora Speedway
77%
2021-2022 2 IA Knoxville Speedway
77%
1995-2011, 2022-Present 19 IN Lucas Oil Indianapolis Raceway Park
77%
1995-1996, 2023 3 NC North Wilkesboro Speedway
73%
1998-2002 5 CO Pikes Peak International Raceway
73%
1996-2001 6 PA Nazareth Speedway
68%
2012-2013 2 NC Rockingham Speedway
68%
1995-2009, 2023 16 WI Milwaukee Mile
64%
1997-1998 2 FL Walt Disney World Speedway
59%
1998-2009 12 TN Memphis International Raceway
55%
1995-1997 3 CO Colorado National Speedway
45%
1995-1999 5 MO I-70 Speedway
36%
1995-1999 5 KY Louisville Motor Speedway
36%
2004-2008 5 OH Mansfield Motorsports Speedway
36%
2001-2003 3 VA South Boston Speedway
36%
1995-1998 4 NJ Flemington Speedway
27%
1995-2001, 2003 9 CA Mesa Marin Raceway
27%
1995-1997 3 AZ Tucson Speedway
27%
1995-2000 6 WA Evergreen Speedway
23%
1995-1999 5 KS Heartland Park Topeka
9%
1995 1 CA Sagus Speedway
5%
No matching quizzes found
Score Distribution
Percent of People with Each Score
Percentile by Number Answered
Your Score History
You have not taken this quiz